[Event "ROM-ch U10 Boys"]
[Site "Voineasa"]
[Date "2008.04.15"]
[Round "6"]
[White "Stoia, Denis Iulian"]
[Black "Halip, Alexandru"]
[Result "1-0"]
[WhiteElo "485"]
[BlackElo "401"]
[PlyCount "81"]
[EventDate "2008.04.08"]
[EventType "swiss"]
[EventRounds "9"]
[EventCountry "ROU"]
[SourceTitle "EXT 2013"]
[Source "ChessBase"]
[SourceDate "2012.11.22"]
[SourceVersion "1"]
[SourceVersionDate "2012.11.22"]
[SourceQuality "1"]

1. e4 e5 2. Nf3 Nc6 3. Bb5 a6 4. Bxc6 dxc6 5. d3 Nf6 6. Nxe5 Bd6 7. Nf3 Bg4 8. Bg5 Be5 9. Nc3 h6 10. Bxf6 Bxf6 11. h3 Bxc3+ 12. bxc3 Bxf3 13. Qxf3 0-0 14. 0-0 Qe7 15. c4 b5 16. cxb5 cxb5 17. Rfc1 c5 18. c4 b4 19. a3 a5 20. a4 b3 21. Rcb1 Qe5 22. Qd1 Rab8 23. Qd2 Ra8 24. Qb2 Qxb2 25. Rxb2 Rfd8 26. Rxb3 Rab8 27. Rab1 Rxb3 28. Rxb3 g6 29. Kf1 Kf8 30. Ke2 Re8 31. Rb5 f5 32. f3 fxe4 33. fxe4 Re5 34. Rxa5 Kf7 35. Ra6 Ke7 36. Rxg6 Rh5 37. Kf3 Kd7 38. Kg4 Re5 39. Rxh6 Kc7 40. Rg6 Re8 41. h4 1-0

[Event "ROM-ch U10 Boys"]
[Site "Voineasa"]
[Date "2008.04.12"]
[Round "1"]
[White "Halip, Alexandru"]
[Black "Savulescu, Andrei Sebastian"]
[Result "1/2-1/2"]
[WhiteElo "401"]
[BlackElo "548"]
[PlyCount "103"]
[EventDate "2008.04.08"]
[EventType "swiss"]
[EventRounds "9"]
[EventCountry "ROU"]
[SourceTitle "EXT 2013"]
[Source "ChessBase"]
[SourceDate "2012.11.22"]
[SourceVersion "1"]
[SourceVersionDate "2012.11.22"]
[SourceQuality "1"]

1. d4 Nf6 2. Nf3 e6 3. Nc3 Nc6 4. Bg5 Be7 5. d5 exd5 6. Nxd5 Nxd5 7. Qxd5 0-0 8. Bxe7 Nxe7 9. Qd1 Ng6 10. g3 Qf6 11. c3 b6 12. Bg2 Bb7 13. 0-0 Rfe8 14. Re1 d6 15. h4 h5 16. Qd4 Qxd4 17. cxd4 Re7 18. Ng5 Bxg2 19. Kxg2 Rae8 20. e3 Rd7 21. Re2 Red8 22. Rae1 c5 23. f4 f5 24. e4 fxe4 25. Rxe4 cxd4 26. Re8+ Rxe8 27. Rxe8+ Nf8 28. Ne6 Kf7 29. Rxf8+ Kxe6 30. Re8+ Re7 31. Rxe7+ Kxe7 32. Kf3 Ke6 33. Ke4 g6 34. Kxd4 d5 35. Ke3 Kd6 36. Kd4 a5 37. b3 b5 38. a4 b4 39. Kd3 Kc5 40. Ke3 Kd6 41. Kd4 Ke6 42. Ke3 Kf5 43. Kd4 Kg4 44. Kxd5 Kxg3 45. Ke6 Kxh4 46. f5 gxf5 47. Kxf5 Kg3 48. Ke5 h4 49. Kd5 h3 50. Kc5 h2 51. Kb5 h1Q 52. Kxa5 1/2-1/2